000 00924nam a22002417a 4500
999 _c63509
_d63509
005 20240530110645.0
008 171108s2015 jo a f b 000 0 ara d
017 _a2014/3/1342
_bالمملكة الاردنية الهاشمية . دائرة المكتبة الوطنية
020 _a9789957126445
040 _aEG-CaGPL
_cEG-CaGPL
082 0 4 _221
_a686\
_bهـ ص
100 0 _aهبة عبيد .
245 1 0 _aصناعة الورق و الطباعة /
_cهبة عبيد .
250 _aط.2
260 _aعمان :
_bدار اليازورى العلمية للنشر والتوزيع ،
_c2015 .
300 _a208 ص. ؛
_c24 سم.
650 0 7 _2qrmak
_aالورق
_xصناعة و تجارة .
650 0 7 _2qrmak
_aالورق
650 0 7 _2qrmak
_aالطباعة بالليزر
650 0 7 _2qrmak
_aالطباعة الميكانيكية
942 _2ddc
_cBK